000 00417nam a22001691a 4500
001 6340
003 OSt
005 20260204212048.0
008 060329s1970||||sp ||||||b||||||||||spa||
050 _a891.73 S48p
100 _aSolzhenilsyn, Alexander
245 _aEl pabellon del cáncer / Alexander Solzhenilsyn
264 _aEspaña : Aguilar
300 _a367 p
650 _aNovela Rusa I-tilÌ
942 _2ddc
_cBK
999 _c6340
_d6340